000 00230nam a2200109Ia 4500
100 _aByron/Gottfried
942 _cBK
245 _aProgramming With C
260 _bTata McGrawhill
_aNew Delhi.
300 _a531
546 _aENGLISH
999 _c31046
_d31046